| 000 | 01036cab a2200289 4500 | ||
|---|---|---|---|
| 001 | ABS52479 | ||
| 008 | 090401t1995 xxu||||| |||| 00| 0 eng d | ||
| 035 | _a(Sirsi) u80914 | ||
| 041 | _aeng | ||
| 100 | _aCatalano, Alex | ||
| 245 | _aFattening up on the need to feed | ||
| 260 | _c1995 | ||
| 350 | _a0 | ||
| 490 |
_aEstates Gazette _v(9510) 11 March 1995, 40-41(2) |
||
| 520 | _aCompares the food retail business in Italy, France, Spain, Germany and the Netherlands, as analysed in the Verdict report, "Grocers and supermarkets Europe". Notes the effect on shop expansion patterns imposed by the local planning regimes, highlights key players in each country and quantifies respective market share. | ||
| 650 | _aDISCOUNTING | ||
| 650 | _aEUROPE | ||
| 650 | _aEXPANSION | ||
| 650 | _aFOOD RETAILERS | ||
| 650 | _aFOOD RETAILING | ||
| 650 | _aGROCERY RETAILERS | ||
| 650 | _aRETAILING | ||
| 690 | _aPROPERTY-COMMERCIAL PROPERTY-RETAIL PROPERTY | ||
| 690 | _aOVERSEAS-EUROPE | ||
| 942 | _n0 | ||
| 948 | _c04/03/1997 | ||
| 999 |
_c50959 _d50959 |
||